Puberty 2 songs - Mitski - Statistics

General Stats
  • This quiz has been taken 101 times
  • The average score is 8 of 11
Answer Stats
Song % Correct
Happy
89%
Fireworks
87%
I Bet On Losing Dogs
87%
Dan The Dancer
85%
Crack Baby
81%
A Burning Hill
75%
My Body's Made Of Crushed Little Stars
73%
Your Best American Girl
73%
Thursday Girl
72%
A Loving Feeling
69%
One More To See You
11%
No matching quizzes found
Score Distribution
Percent of People with Each Score
Percentile by Number Answered
Your Score History
You have not taken this quiz